00502cam a2200193 i 4500001000800000005001700008008004100025010001700066020001500083040001800098041000800116043001200124080002100136082002100157100000700178101000800185245008500193504003000278458083120180201042108.0750806s1975 mau bs 001 0 eng  a 75026602  a0884103528 aDLCcDLCdDLC aeng an-us-ri a301.32109745 BOU00a301.32109745 BOU1 a50 aSOC10aSocioreligious factors in fertility decline /cLeon F. Bouvier and S. L. N. Rao. aBibliography: p. 195-200.